Teach&ESPRIT : rozvoj podnikavosti v přípravě učitelů odborného vzdělávání v evropských zemích : příručka a materiály

Korporativní autor: Comenius 2 Teach&ESPRIT (projekt)
Další autoři: Program Socrates
Jazyk: Čeština
Vydáno: V Ostravě : Ostravská univerzita, Pedagogická fakulta, 2007
Vydání: Vyd. 1.
Témata:
Externí odkaz: Digitalizovaný dokument
Fyzický popis: 113 s. ; 24 cm
Knihy
Uloženo v:
LEADER 01993nam a2200481 a 4500
001 nkc20081817026
003 CZ PrNK
005 20081110154022.0
007 ta
008 080826s2007 xr e f 000 0 cze
015 |a cnb001817026 
020 |a 978-80-7368-494-5  |q (brož.) :  |c neprodejné 
035 |a (OCoLC)271610868 
040 |a BOA001  |b cze  |d ABA001 
043 |a e------ 
072 7 |a 377  |x Odborné vzdělávání  |2 Konspekt  |9 22 
080 |a 377.8  |2 MRF 
080 |a 377  |2 MRF 
080 |a 37.017:658.114  |2 MRF 
080 |a (4)  |2 MRF 
080 |a (035)  |2 MRF 
110 2 |a Comenius 2 Teach&ESPRIT (projekt)  |7 kn20051129027 
245 1 0 |a Teach&ESPRIT :  |b rozvoj podnikavosti v přípravě učitelů odborného vzdělávání v evropských zemích : příručka a materiály 
246 3 0 |a Rozvoj podnikavosti v přípravě učitelů odborného vzdělávání v evropských zemích 
250 |a Vyd. 1. 
260 |a V Ostravě :  |b Ostravská univerzita, Pedagogická fakulta,  |c 2007 
300 |a 113 s. ;  |c 24 cm 
500 |a Na obálce: Socrates 
650 0 7 |a vzdělávání učitelů  |7 ph158324  |z země Evropské unie  |2 czenas 
650 0 7 |a odborné vzdělávání  |7 ph115558  |z země Evropské unie  |2 czenas 
650 0 7 |a podnikatelská výchova  |7 ph475711  |z země Evropské unie  |2 czenas 
650 0 9 |a teacher education  |z European Union countries  |2 eczenas 
650 0 9 |a vocational education  |z European Union countries  |2 eczenas 
650 0 9 |a entrepreneurship education  |z European Union countries  |2 eczenas 
655 7 |a příručky  |7 fd133209  |2 czenas 
655 9 |a handbooks and manuals  |2 eczenas 
710 2 |a Program Socrates  |7 ko2004244784 
856 4 1 |u http://www.digitalniknihovna.cz/mzk/uuid/uuid:e37a3850-adf8-11e4-a7a2-005056827e51  |y Digitalizovaný dokument  |x NDK 
910 2 |a BOA001  |b 2-1210.162 
990 |a BK 
995 |a 01 
991 |b 200809  |c NOV 
996 6 |b 2610352951  |c 2-1210.162  |l MZK  |r Sklad / do 1 hodiny  |n 1  |p p.v.  |w 000909620  |u 000010  |a 1  |e BOA001  |j MZK50  |s P